000 00662nam a2200277Ia 4500
005 20260324123931.0
008 008 260324s9999 xx 000 0 eng d
020 _a9780203813843
037 _aEBOOK
040 _aCRL
040 _beng
040 _cCRL
041 _2eng
041 _aeng
084 _qCRL
100 _aSheela Rai
_91172216
245 0 _aRecognition and Regulation of Safeguard Measures Under GATT/WTO
260 _bTaylor and Francis
260 _c2011
365 _a
365 _b255
856 _uhttp://www.taylorfrancis.com/books/9780203813843
942 _cEBOOK
999 _c1766155
_d1766155